Introduction to Flight / (Record no. 744)

MARC details
000 -LEADER
fixed length control field 00784nac a22002171u 4500
008 - FIXED-LENGTH DATA ELEMENTS--GENERAL INFORMATION
fixed length control field 100915s2000 mau|||||rill 001 0 eng d
010 ## - LIBRARY OF CONGRESS CONTROL NUMBER
LC control number 99032638
020 ## - INTERNATIONAL STANDARD BOOK NUMBER
International Standard Book Number 007109282X (acid-free paper)
082 00 - DEWEY DECIMAL CLASSIFICATION NUMBER
Classification number 629.1
Item number AND
Edition number 22
100 ## - MAIN ENTRY--PERSONAL NAME
Personal name Anderson, John David.
9 (RLIN) 19205
245 10 - TITLE STATEMENT
Title Introduction to Flight /
Statement of responsibility, etc John D. Anderson, Jr.
250 ## - EDITION STATEMENT
Edition statement 4th ed.
260 ## - PUBLICATION, DISTRIBUTION, ETC. (IMPRINT)
Place of publication, distribution, etc Boston :
Name of publisher, distributor, etc McGraw-Hill,
Date of publication, distribution, etc c2000.
300 ## - PHYSICAL DESCRIPTION
Extent xvii, 766 p. :
Other physical details ill. ;
Dimensions 24 cm.
500 ## - GENERAL NOTE
General note Includes index.
650 #0 - SUBJECT ADDED ENTRY--TOPICAL TERM
Topical term or geographic name as entry element Aerodynamics.
9 (RLIN) 19206
650 #0 - SUBJECT ADDED ENTRY--TOPICAL TERM
Topical term or geographic name as entry element Airplanes
General subdivision Design and construction.
9 (RLIN) 19207
856 42 - ELECTRONIC LOCATION AND ACCESS
Materials specified Publisher description
Uniform Resource Identifier <a href="http://www.loc.gov/catdir/description/mh023/99032638.html">http://www.loc.gov/catdir/description/mh023/99032638.html</a>
856 42 - ELECTRONIC LOCATION AND ACCESS
Materials specified Table of contents
Uniform Resource Identifier <a href="http://www.loc.gov/catdir/toc/mh023/99032638.html">http://www.loc.gov/catdir/toc/mh023/99032638.html</a>
942 ## - ADDED ENTRY ELEMENTS (KOHA)
Item type Book - Borrowing
Call number prefix 629.1AND
Source of classification or shelving scheme Dewey Decimal Classification
Holdings
Withdrawn status Item status Source of classification or shelving scheme Materials specified (bound volume or other part) Damaged status Not for loan Vendor Home library Current library Shelving location Date acquired Source of acquisition Cost, normal purchase price Total Checkouts Total Renewals Full call number Barcode Date last seen Date last borrowed Cost, replacement price Koha item type
    Dewey Decimal Classification Lost In Inventory_2005-2015/8/22       Central Library Central Library First floor 15/09/2010   444.00 10 10 629.1 AND 000003855 29/04/2026 06/06/2013 555.00 Book - Borrowing